| 000 | 01282nam a22002297a 4500 | ||
|---|---|---|---|
| 008 | 221219s2020 xxk|||||o|||| 00| 0 eng d | ||
| 041 | _aeng | ||
| 110 | _aRoyal Institution of Chartered Surveyors | ||
| 245 |
_aDeciding Whether to Take Disciplinary Action _b: Regulatory Decision-Making at RICS _h[Electronic resource] |
||
| 250 | _aversion 3 | ||
| 260 |
_aLondon, _bRoyal Institution of Chartered Surveyors, _c2020 |
||
| 300 | _a6p. | ||
| 500 | _aVersion 3 with effect from 2 March 2020 | ||
| 520 | _aDecisions about disciplinary action are made by members of staff who are authorised to do so under delegated powers. This document aims to help authorised decision-makers decide the appropriate and proportionate action to take at the end of an investigation. Although each case is decided on its own merits, with an objective analysis of the facts, this document aims to encourage consistent and transparent decision-making | ||
| 650 | _aRegulation | ||
| 650 | _aProfessional Standards | ||
| 650 | _aMisconduct | ||
| 651 | _aUnited Kingdom | ||
| 710 | _aRoyal Institution of Chartered Surveyors | ||
| 856 |
_uhttps://www.rics.org/content/dam/ricsglobal/documents/standards/2020_Deciding_Whether_To_Take_Disciplinary_Action.pdf _zAvailable on RICS.org |
||
| 942 | _n0 | ||
| 999 |
_c121276 _d121276 |
||